header

The politically incorrect guide to the sixties (Record no. 102413)

MARC details
000 -LEADER
fixed length control field 02293nam a2200397 a 4500
082 04 - DEWEY DECIMAL CLASSIFICATION NUMBER
Classification number 973.92
100 1# - MAIN ENTRY--AUTHOR NAME
Personal name Leaf, Jonathan.
245 14 - TITLE STATEMENT
Title The politically incorrect guide to the sixties
260 ## - PUBLICATION, DISTRIBUTION, ETC. (IMPRINT)
Place of publication Washington, DC :
Name of publisher Regnery Pub. ;
Place of publication New York :
Name of publisher Distributed by Perseus Distribution,
Year of publication c2009.
300 ## - PHYSICAL DESCRIPTION
Number of Pages xv, 247 p.
505 0# - FORMATTED CONTENTS NOTE
Formatted contents note The student radicals : who they were and which girls they wanted -- The sexual revolution and the start of feminism : where'd Mom and Pop go? -- Civil rights and uncivil wrongs : from freedom rides to "burn, baby burn" -- The intellectuals : did they have it all figured out? -- Rock 'n' roll : soundtrack to the sixties? -- Movies and TV : not great, but not yet decadent -- Mods, minis, wide ties, and Brooks Brothers : the best of sixties fashion -- To the moon, but at what price? -- The unwarranted court : Earl Warren and his battle against the Constitution -- Camelot as it really was -- Johnson's war on poverty--and common sense -- The Vietnam war : snatching defeat from the jaws of victory -- The birth of the counter counterculture.
650 #0 - SUBJECT ADDED ENTRY--TOPICAL TERM
Topical Term Popular culture
856 40 - ELECTRONIC LOCATION AND ACCESS
Uniform Resource Identifier http://site.ebrary.com/lib/rucke/Doc?id=10381236

No items available.

© 2026 Rongo University
Contact us: librarian | system librarian | Rongo university